Statistics for Kanye West Song Unscramble

Click here to take the quiz!

General Stats

  • This quiz has been taken 376 times
  • The average score is 4 of 20

Answer Stats

HintAnswer% Correct
MofausFamous
39%
CyermMercy
39%
UrywanaRunaway
38%
GerontsStronger
31%
Sow Nllll AfdsAll Falls Down
30%
Gelg GodirdGold Digger
23%
O Teiv LiI Love It
23%
SnormetMonster
23%
Yaa HemmHey Mama
22%
Wetrugt Eoh RhhiThrough The Wire
19%
Tanpo SbliaSaint Pablo
15%
Fos Lg Lla EitthAll of the Lights
13%
Adecl SbkiadkhBlack Skinhead
10%
Gsgshaif HllintFlashing Lights
10%
Yhutk Soc TehTouch The Sky
10%
EshlstareHeartless
9%
Kljse SuwsaJesus Walks
9%
Wgtoo NthsGhost Town
8%
Maysa Hr DeeHeard Em Say
7%
Kwne VoollcodLove Lockdown
4%

Score Distribution

Percentile by Number Answered

Percent of People with Each Score

Your Score History

You have not taken this quiz